00845nam a2200253Ia 450000500170000000800410001702000180005804100120007608200170008810000210010524501520012625000120027826000350029030000200032544000690034565000240041465000250043865000180046370000220048170000260050370000190052970000240054870000190057220260429112136.0260429s9999||||xx |||||||||||||| ||und|| a9780323972826 aEnglish a620.197bRAM aRamnath, R. Arun 0aBiocomposites - bio-based fibers and polymers from renewable resources : bprocessing, performance, durability and applications / cR. Arun Ramnath a1st ed. aAmsterdam : bElsevier,c2024. axv, 326 p.; pbk aWoodhead publishing series in composites science and engineering a Fiber and Polymers a Renewable resources aBiocomposites a Fischer, Steffen a Gorbatyuk, Sergey M. a Sanjay, M. R. a Siengchin, Suchart aSoutis, Costas